00173nam a2200061Ia 4500008004100000100001700041245005300058120527s9999 xx 000 0 und d aNEILL, D.H.O aHuman and draugt animal power in crop production